|
|
|
|
| LEADER |
00000cam a2200000 c 4500 |
| 001 |
275391302 |
| 003 |
DE-627 |
| 005 |
20260206204153.0 |
| 007 |
tu |
| 008 |
900406s1990 fr ||||| 00| ||fre c |
| 020 |
|
|
|a 2902702574
|9 2-902702-57-4
|
| 035 |
|
|
|a (DE-627)275391302
|
| 035 |
|
|
|a (DE-603)020434219
|
| 035 |
|
|
|a (DE-576)020148348
|
| 035 |
|
|
|a (DE-599)GBV275391302
|
| 035 |
|
|
|a (OCoLC)243447710
|
| 035 |
|
|
|a (OCoLC)21950291
|
| 035 |
|
|
|a (OCoLC)311155917
|
| 035 |
|
|
|a (OCoLC)21950291
|
| 040 |
|
|
|a DE-627
|b ger
|c DE-627
|e rakwb
|
| 041 |
|
|
|a fre
|
| 044 |
|
|
|c XA-FR
|
| 050 |
|
0 |
|a Z658.F7
|
| 082 |
0 |
|
|a 098.10944
|q OCLC
|
| 084 |
|
|
|a ID 1270
|2 rvk
|0 (DE-625)rvk/54600:
|
| 100 |
1 |
|
|a Stora-Lamarre, Annie
|0 (DE-627)1236407814
|0 (DE-576)16640781X
|4 aut
|
| 109 |
|
|
|a Stora-Lamarre, Annie
|a Lamarre, Annie Stora-
|
| 245 |
1 |
3 |
|a L' enfer de la III. République
|b censeurs et pornographes (1881 - 1914)
|c Annie Stora-Lamarre
|
| 264 |
|
1 |
|a Paris
|b Éd. Imago
|c 1990
|
| 300 |
|
|
|a IV, 248 S.
|
| 336 |
|
|
|a Text
|b txt
|2 rdacontent
|
| 337 |
|
|
|a ohne Hilfsmittel zu benutzen
|b n
|2 rdamedia
|
| 338 |
|
|
|a Band
|b nc
|2 rdacarrier
|
| 490 |
0 |
|
|a Histoire
|
| 500 |
|
|
|a Includes bibliographical references (p. [213]-230)
|
| 583 |
1 |
|
|a Archivierung prüfen
|c 20240324
|f DE-4165
|z 1
|2 pdager
|
| 583 |
1 |
|
|a Archivierung/Langzeitarchivierung gewährleistet
|f SLG
|z Frankreichforschung
|2 pdager
|5 DE-77
|
| 653 |
|
0 |
|a Censorship
|a France
|a History
|a 19th century
|
| 653 |
|
0 |
|a Censorship
|a France
|a History
|a 20th century
|
| 653 |
|
0 |
|a Pornography
|a France
|a History
|a 19th century
|
| 653 |
|
0 |
|a Pornography
|a France
|a History
|a 20th century
|
| 653 |
|
0 |
|a France
|a History
|a Third Republic, 1870-1940
|
| 689 |
0 |
0 |
|d g
|0 (DE-588)4018145-5
|0 (DE-627)106327232
|0 (DE-576)208922857
|a Frankreich
|2 gnd
|
| 689 |
0 |
1 |
|d s
|0 (DE-588)4046809-4
|0 (DE-627)104665378
|0 (DE-576)209071036
|a Pornografie
|2 gnd
|
| 689 |
0 |
2 |
|d s
|0 (DE-588)4067601-8
|0 (DE-627)104649526
|0 (DE-576)209170409
|a Zensur
|2 gnd
|
| 689 |
0 |
3 |
|a z
|2 gnd
|a Geschichte 1881-1914
|
| 689 |
0 |
|
|5 (DE-627)
|
| 689 |
1 |
0 |
|d b
|0 (DE-588)4749423-2
|0 (DE-627)371149967
|0 (DE-576)216019052
|a Bibliothèque Nationale de France
|b Enfer
|2 gnd
|
| 689 |
1 |
1 |
|d s
|0 (DE-588)4046809-4
|0 (DE-627)104665378
|0 (DE-576)209071036
|a Pornografie
|2 gnd
|
| 689 |
1 |
2 |
|d s
|0 (DE-588)4067601-8
|0 (DE-627)104649526
|0 (DE-576)209170409
|a Zensur
|2 gnd
|
| 689 |
1 |
3 |
|a z
|2 gnd
|a Geschichte 1881-1914
|
| 689 |
1 |
|
|5 (DE-627)
|
| 889 |
|
|
|w (DE-627)026872277
|
| 935 |
|
|
|a MZFRA
|
| 935 |
|
|
|i mdedup
|
| 935 |
|
|
|i Blocktest
|
| 935 |
|
|
|h HEB
|i 0501
|
| 935 |
|
|
|h HEB
|i 0503
|
| 936 |
r |
v |
|a ID 1270
|b Kulturgeschichte
|k Romanistik
|k Französische Sprache und Literatur
|k Geschichte
|k Kulturgeschichte
|0 (DE-627)1270703404
|0 (DE-625)rvk/54600:
|0 (DE-576)200703404
|
| 936 |
s |
n |
|a i100
|2 mzub
|
| 936 |
s |
n |
|a a200
|2 mzub
|
| 951 |
|
|
|a BO
|
| ELC |
|
|
|b 1
|
| LOK |
|
|
|0 000 xxxxxcx a22 zn 4500
|
| LOK |
|
|
|0 001 3336780918
|
| LOK |
|
|
|0 003 DE-627
|
| LOK |
|
|
|0 004 275391302
|
| LOK |
|
|
|0 005 20151019114003
|
| LOK |
|
|
|0 008 901004||||||||||||||||ger|||||||
|
| LOK |
|
|
|0 040
|a DE-21
|c DE-627
|d DE-21
|
| LOK |
|
|
|0 852
|a DE-21
|
| LOK |
|
|
|0 852 1
|c KB 18 A 7045
|9 00
|
| LOK |
|
|
|0 935
|a krim
|
| LOK |
|
|
|0 939
|a 04-10-90
|b l01
|
| ORI |
|
|
|a SA-MARC-krimdoka001.raw
|
| SIG |
|
|
|a UB: KB 18 A 7045
|
| TIM |
|
|
|a 100018810101_100019141231
|b Geschichte 1881-1914
|